000 00838cam a2200253 a 4500
001 000017442
005 20200929165119.0
008 861211s1967 sp 000 0 spa d
040 _aDO-SdBNP
_bspa
_cLC
_dBNPHU
082 _aM862.1
_bR934ve
100 1 _aRuiz de Alarcón, Juan,
_d1580?-1639
_917661
245 1 3 _aLa verdad sospechosa ; las paredes oyen /
_cJuan Ruiz de Alarcón ; edición, prólogo y notas de Alfoso Reyes.
260 _aMadrid :
_bEspasa-Calpe,
_c1967.
300 _axliv, 266 p. ;
_c19 cm.
490 1 _aClásicos castellanos
_v37
650 4 _aTeatro mexicano
_917662
650 4 _aLiteratura mexicana
_91922
730 4 _aLas paredes oyen
_938132
700 1 _aReyes, Alfoso,
_eed.
_938133
830 0 _aClásicos castellanos ;
_v37
_94180
910 _aCatalogación derivada
910 _aWM
049 _aBNGR
999 _c16967
_d16967